| 000 | 00577nam a2200181 i 4500 | ||
|---|---|---|---|
| 001 | 38998 | ||
| 003 | ES-MaACL | ||
| 005 | 20230906155852.0 | ||
| 007 | t| | ||
| 008 | 030227s1936 fr ||||1| fre d | ||
| 080 | _a01(44) | ||
| 100 | 1 |
_aCalot, Frantz. _933782 |
|
| 245 | 1 | 0 |
_aGuide practique de bibliographie _b: suivi d'un memento analytique des principales bibliotheques pibliques de Paris / _cpar Frantz Calot et Georges Thomas. |
| 260 |
_aParis : _bDelagrave, _c1936. |
||
| 300 |
_a320 p. ; _c19 cm. |
||
| 700 | 1 |
_aThomas, Georges. _9110013 |
|
| 852 |
_aES-MaACL _jA-4404 |
||
| 999 |
_c38998 _d38998 |
||